| 000 | 00629cam a2200217 a 4500 | ||
|---|---|---|---|
| 001 | 000005272 | ||
| 005 | 20240306164224.0 | ||
| 008 | 000313s1999 sp ab 000 1 spa | ||
| 020 | _z84663016X | ||
| 040 |
_aDO-SdBNP _bspa _cBNPHU |
||
| 082 |
_aPe863.44 _bV297c |
||
| 100 | 1 |
_aVargas Llosa, Mario, _d1936- _912567 |
|
| 245 | 1 | 3 |
_aLa ciudad y los perros / _cMario Vargas Llosa. |
| 260 |
_a[Madrid] : _bSuma de Letras, _c1999. |
||
| 300 |
_a554 p. ; _c22 cm. |
||
| 490 | 1 |
_aPunto de lectura _v3/3 |
|
| 650 | 4 |
_aNovela peruana _912569 |
|
| 650 | 4 |
_aLiteratura peruana _93140 |
|
| 830 | 0 |
_aPunto de letras _v3/3 _915029 |
|
| 910 | _aWM | ||
| 999 |
_c5073 _d5073 |
||